Don Segundo Sombra

Saved in:
Bibliografiske detaljer
Hovedforfatter: Güiraldes, Ricardo (autor)
Format: Bog
Sprog:spansk
Udgivet: Santiago Quimantu 1973
Udgivelse:2a. ed
Serier:Colección Cordillera
Fag:
Tags: Tilføj Tag
Ingen Tags, Vær først til at tagge denne postø!

MARC

LEADER 00000nam a2200000 a 4500
001 UCH6718
003 CL-VaPUC
008 091109e19730000CL |||||||||||||||||spa|d
082 0 4 |a Ar863  |b GUI  |2 21 
100 |a Güiraldes, Ricardo  |e autor  |9 303637 
245 1 0 |a Don Segundo Sombra 
250 |a 2a. ed 
300 |a 234 p 
942 |c BK 
945 |d 20091109 00:00:00  |a lazolas 
260 |a Santiago  |b Quimantu  |c 1973 
650 0 |a Novelas argentinas  |9 267871 
650 0 |a Literatura argentina  |9 320596 
583 |a last modification  |c 20091109 00:00:00  |k Rodrigo Vera 
490 0 |a Colección Cordillera 
999 |c 337551  |d 337549